[Event "EU-ch U14"]
[Site "Budva"]
[Date "2003.09.17"]
[Round "5"]
[White "Carlsen, Magnus"]
[Black "Krivoborodov, Egor"]
[Result "1-0"]
[WhiteElo "2385"]
[BlackElo "2298"]
[PlyCount "85"]
[EventDate "2003.09.13"]
[EventType "swiss"]
[EventRounds "9"]
[EventCountry "YUG"]

1. e4 c6 2. d4 d5 3. Nc3 dxe4 4. Nxe4 Bf5 5. Ng3 Bg6 6. h4 h6 7. Nf3 Nf6 8. Ne5
Bh7 9. Bd3 Nbd7 10. Bxh7 Nxe5 11. dxe5 Qa5+ 12. c3 Qxe5+ 13. Be4 Nxe4 14. Qe2
Nc5 15. Be3 O-O-O 16. O-O e6 17. Rad1 Be7 18. Qf3 Qf6 19. Qg4 b6 20. b4 Nd7 21.
Bd4 e5 22. Be3 Qe6 23. Nf5 Kc7 24. Qf3 g6 25. Nxe7 Qxe7 26. a4 f5 27. b5 Qe6
28. Rfe1 Qc4 29. h5 f4 30. Bc1 g5 31. Ba3 g4 32. Qxg4 Rhg8 33. Qf3 Nf6 34. Rxe5
Rxd1+ 35. Qxd1 Nd5 36. bxc6 Kxc6 37. Qf3 Qb3 38. Bc1 Rd8 39. Bxf4 Qxa4 40. Re6+
Kb7 41. Re7+ Ka8 42. Bc7 Rd7 43. c4 1-0

[Event "EU-ch U14"]
[Site "Budva"]
[Date "2003.09.16"]
[Round "4"]
[White "Bindrich, Falko"]
[Black "Carlsen, Magnus"]
[Result "1/2-1/2"]
[WhiteElo "2334"]
[BlackElo "2385"]
[PlyCount "230"]
[EventDate "2003.09.13"]
[EventType "swiss"]
[EventRounds "9"]
[EventCountry "YUG"]

1. e4 c5 2. Nf3 d6 3. d4 Nf6 4. Nc3 cxd4 5. Nxd4 a6 6. Be3 e5 7. Nb3 Be6 8. f3
Be7 9. Qd2 h5 10. O-O-O Nbd7 11. Bg5 Qc7 12. Kb1 b5 13. a3 Rc8 14. Nc1 Qb7 15.
N1a2 O-O 16. h3 Nb6 17. g4 Rfd8 18. Bxf6 Bxf6 19. Nb4 Rc5 20. Nbd5 Bxd5 21.
Nxd5 Nxd5 22. exd5 Rdc8 23. Bd3 e4 24. Bxe4 b4 25. axb4 Rc4 26. c3 Rxc3 27. g5
Be5 28. f4 R3c4 29. fxe5 Rxe4 30. exd6 Rxb4 31. Rc1 Rb8 32. Rc2 Qd7 33. Qd3 Rb3
34. Qe4 R8b4 35. Qe5 Kh7 36. h4 a5 37. Rf1 Rb7 38. Qe4+ g6 39. Qe7 Qxe7 40.
dxe7 Rxe7 41. d6 Reb7 42. Rd1 Rd7 43. Rc7 Rd8 44. Rxf7+ Kg8 45. Rf6 Kg7 46. d7
Rb7 47. Rdd6 Rdxd7 48. Rxg6+ Kh7 49. Rh6+ Kg7 50. Rxd7+ Rxd7 51. Rxh5 Rd4 52.
Kc2 a4 53. Rh6 Rc4+ 54. Kb1 Rd4 55. Ka2 Rb4 56. Ka1 Rd4 57. Kb1 Rb4 58. Kc2
Rc4+ 59. Kd3 Rb4 60. Kc3 Rb3+ 61. Kc2 Rb4 62. h5 Rh4 63. Kc3 Rh3+ 64. Kd4 Rh4+
65. Kd3 Rh3+ 66. Ke4 Rh4+ 67. Kf5 Rb4 68. Rg6+ Kh7 69. Ra6 Rxb2 70. Ra7+ Kg8
71. Rxa4 Rb5+ 72. Kg4 Rb1 73. Re4 Kg7 74. Kf5 Rf1+ 75. Rf4 Ra1 76. Rf3 Rh1 77.
Kg4 Rg1+ 78. Rg3 Ra1 79. Rc3 Rg1+ 80. Rg3 Ra1 81. Rd3 Rg1+ 82. Kf4 Rf1+ 83. Kg4
Rg1+ 84. Kf3 Rf1+ 85. Kg2 Rf5 86. Rg3 Ra5 87. Kh3 Ra1 88. Rb3 Rh1+ 89. Kg4 Rg1+
90. Kf4 Rf1+ 91. Rf3 Rh1 92. Kf5 Rxh5 93. Ra3 Rh1 94. Ra7+ Kf8 95. Kg6 Rg1 96.
Ra8+ Ke7 97. Kh6 Kf7 98. Ra7+ Kg8 99. Rb7 Kf8 100. Kg6 Rg2 101. Rf7+ Kg8 102.
Rg7+ Kf8 103. Rh7 Kg8 104. Ra7 Kf8 105. Ra4 Rg1 106. Rh4 Kg8 107. Kh6 Ra1 108.
Rb4 Ra6+ 109. Kh5 Kg7 110. Rb7+ Kg8 111. Rc7 Rb6 112. Rc8+ Kg7 113. Ra8 Rc6
114. Ra7+ Kg8 115. g6 Rc1 1/2-1/2

[Event "EU-ch U14"]
[Site "Budva"]
[Date "2003.09.15"]
[Round "3"]
[White "Carlsen, Magnus"]
[Black "Olszewski, Michal"]
[Result "1-0"]
[WhiteElo "2385"]
[BlackElo "2227"]
[PlyCount "129"]
[EventDate "2003.09.13"]
[EventType "swiss"]
[EventRounds "9"]
[EventCountry "YUG"]

1. e4 e5 2. Nf3 Nc6 3. Bb5 a6 4. Ba4 Nf6 5. O-O Be7 6. Qe2 b5 7. Bb3 O-O 8. c3
d6 9. Rd1 Na5 10. Bc2 c5 11. d4 Qc7 12. d5 Ne8 13. b4 cxb4 14. cxb4 Nc4 15. a4
bxa4 16. Bd3 Nb6 17. Be3 Qb7 18. b5 a5 19. Nc3 Bd7 20. Rdc1 Rc8 21. Bxb6 Qxb6
22. Nxa4 Rxc1+ 23. Rxc1 Qb7 24. Nd2 Bd8 25. Rc6 g6 26. Nc4 Bxc6 27. bxc6 Qb4
28. Bc2 Nc7 29. g3 Nb5 30. Ne3 Nd4 31. Qd1 f5 32. exf5 gxf5 33. Kg2 Kh8 34. Bb1
f4 35. Be4 Nb3 36. Bxh7 f3+ 37. Kg1 Kxh7 38. Qc2+ Kh6 39. c7 Bxc7 40. Qxc7 Nd4
41. Ng4+ Kg6 42. h3 Nf5 43. Nc3 a4 44. Qc6 Qd4 45. Kh2 Rh8 46. Kg1 a3 47. Qd7
Rf8 48. Qe6+ Kg7 49. Qd7+ Rf7 50. Qd8 Re7 51. Ne3 Kg6 52. Nxf5 Qxc3 53. Nxe7+
Kf7 54. Kh2 Qb2 55. h4 Qxf2+ 56. Kh3 Qg2+ 57. Kg4 f2 58. Qd7 Qe4+ 59. Kg5 Qe3+
60. Kh5 Qf3+ 61. g4 Qf6 62. Ng6+ Kg8 63. Kh6 Qxh4+ 64. Nxh4 f1=Q 65. Qg7# 1-0

[Event "EU-ch U14"]
[Site "Budva"]
[Date "2003.09.14"]
[Round "2"]
[White "Stupak, Kirill"]
[Black "Carlsen, Magnus"]
[Result "0-1"]
[WhiteElo "2161"]
[BlackElo "2385"]
[PlyCount "102"]
[EventDate "2003.09.13"]
[EventType "swiss"]
[EventRounds "9"]
[EventCountry "YUG"]

1. Nf3 Nf6 2. g3 g6 3. Bg2 Bg7 4. O-O O-O 5. d4 d6 6. c4 Nbd7 7. Nc3 e5 8. dxe5
dxe5 9. e4 c6 10. b3 Qe7 11. a4 Rd8 12. Ba3 Qe8 13. Qc2 Nf8 14. h3 Ne6 15. Rad1
Nd7 16. Ne2 a5 17. Bd6 f6 18. Nh4 Ndc5 19. Kh2 Nd4 20. Nxd4 Rxd6 21. Ndf5 Rxd1
22. Nxg7 Kxg7 23. Rxd1 Be6 24. f4 Bf7 25. Qf2 Qe7 26. Qe3 exf4 27. gxf4 Re8 28.
Re1 Rd8 29. Qg3 Kh8 30. Re3 Rd4 31. e5 f5 32. Nf3 Rd8 33. Ng5 Be6 34. h4 h6 35.
Nxe6 Nxe6 36. Rf3 Kh7 37. Bh3 h5 38. Qe1 Qb4 39. Qxb4 axb4 40. Bf1 Rd2+ 41. Kg3
Nc5 42. e6 Nxe6 43. Re3 Nc5 44. Re5 Ne4+ 45. Kh3 Kg8 46. c5 Rc2 47. Re7 Nxc5
48. Bc4+ Kf8 49. Rf7+ Ke8 50. Rg7 Rc3+ 51. Kg2 Rxc4 0-1

[Event "EU-ch U14"]
[Site "Budva"]
[Date "2003.09.13"]
[Round "1"]
[White "Carlsen, Magnus"]
[Black "Perman, Evgeniy"]
[Result "1-0"]
[WhiteElo "2385"]
[BlackElo "2081"]
[PlyCount "52"]
[EventDate "2003.09.13"]
[EventType "swiss"]
[EventRounds "9"]
[EventCountry "YUG"]

1. e4 c5 2. Nf3 d6 3. d4 cxd4 4. Nxd4 Nf6 5. Nc3 a6 6. g3 g6 7. Bg2 Bg7 8. O-O
O-O 9. h3 Nc6 10. Nde2 Bd7 11. Kh2 b5 12. f4 Rc8 13. Nd5 Nxd5 14. exd5 Na5 15.
c3 Nc4 16. b3 Nb6 17. Be3 b4 18. c4 Bxa1 19. Qxa1 f5 20. Nd4 h6 21. Qe1 a5 22.
g4 Kh7 23. gxf5 gxf5 24. Nf3 Be8 25. Qh4 Bf7 26. Ng5+ Kg6 1-0

[Event "Schwarzach op-A 18th"]
[Site "Salzburg"]
[Date "2003.08.31"]
[Round "9.3"]
[White "Carlsen, Magnus"]
[Black "Ivanov, Mikhail M"]
[Result "1/2-1/2"]
[WhiteElo "2385"]
[BlackElo "2406"]
[PlyCount "98"]
[EventDate "2003.08.23"]
[EventType "swiss"]
[EventRounds "9"]
[EventCountry "AUT"]

1. e4 e5 2. Nf3 Nf6 3. d4 Nxe4 4. dxe5 d5 5. Nbd2 Nxd2 6. Qxd2 c5 7. Bd3 Nc6 8.
O-O h6 9. Bb5 Be6 10. c4 dxc4 11. Qc2 Be7 12. Bxc4 Qc8 13. Be3 b6 14. Bb5 O-O
15. Qe4 Nb4 16. a3 Bf5 17. Qf4 Nd5 18. Qg3 Nxe3 19. fxe3 Qe6 20. Qf4 Bh7 21.
Bc4 g5 22. Bxe6 gxf4 23. Bd5 fxe3 24. Bxa8 Rxa8 25. Rfd1 c4 26. Rd7 Bc5 27. Kf1
Bf5 28. Rd5 Be4 29. Rd7 Bf5 30. Rd5 Be6 31. Rdd1 a5 32. Rac1 a4 33. Nd4 Bg4 34.
Nf3 Be6 35. Nd4 Bg4 36. Ne2 b5 37. Rd5 Rc8 38. h3 Be6 39. Rdd1 b4 40. axb4 Bxb4
41. Nd4 Bd2 42. Rc2 Bd7 43. Ke2 a3 44. bxa3 Ba4 45. Rb1 c3 46. Rb7 Bxc2 47.
Nxc2 Rc5 48. Re7 h5 49. a4 Kg7 1/2-1/2

[Event "Schwarzach op-A 18th"]
[Site "Salzburg"]
[Date "2003.08.30"]
[Round "8.2"]
[White "Hertneck, Gerald"]
[Black "Carlsen, Magnus"]
[Result "1/2-1/2"]
[WhiteElo "2524"]
[BlackElo "2385"]
[PlyCount "94"]
[EventDate "2003.08.23"]
[EventType "swiss"]
[EventRounds "9"]
[EventCountry "AUT"]

1. c4 e6 2. d4 Nf6 3. Nf3 b6 4. g3 Ba6 5. Nbd2 Bb7 6. Bg2 d5 7. cxd5 exd5 8.
O-O Be7 9. Ne5 O-O 10. b3 Nbd7 11. Bb2 c5 12. Ndc4 cxd4 13. Bxd4 Nc5 14. Ne3
Ne6 15. Bb2 Ne4 16. Rc1 Bg5 17. f4 Be7 18. Nf5 Bc5+ 19. e3 f6 20. Nd3 g6 21.
Nh6+ Kg7 22. Ng4 h5 23. Bxe4 dxe4 24. Nxc5 Nxc5 25. Nxf6 Rxf6 26. Qxd8 Rxd8 27.
b4 Na6 28. Rfd1 Rd3 29. a3 Kf7 30. Rxd3 exd3 31. Bxf6 Kxf6 32. Kf2 Kf5 33. Rc4
Be4 34. h3 d2 35. Rd4 Nc7 36. Rxd2 Nd5 37. Rd4 Nf6 38. b5 Bd5 39. Ra4 Ne4+ 40.
Ke1 Nc5 41. Rxa7 Ke4 42. Rg7 Kxe3 43. Rxg6 Bc4 44. Rxb6 Nd3+ 45. Kf1 Ne5+ 46.
Ke1 Nd3+ 47. Kf1 Ne5+ 1/2-1/2

[Event "Schwarzach op-A 18th"]
[Site "Salzburg"]
[Date "2003.08.29"]
[Round "7.4"]
[White "Zimmerman, Yuri"]
[Black "Carlsen, Magnus"]
[Result "0-1"]
[WhiteElo "2320"]
[BlackElo "2385"]
[PlyCount "84"]
[EventDate "2003.08.23"]
[EventType "swiss"]
[EventRounds "9"]
[EventCountry "AUT"]

1. d4 Nf6 2. c4 g6 3. Nc3 d5 4. cxd5 Nxd5 5. Bd2 Bg7 6. e4 Nb6 7. Be3 O-O 8.
Bb5 Be6 9. Nf3 Bc4 10. b3 Bxb5 11. Nxb5 Qd7 12. Nc3 Nc6 13. Qd2 Rad8 14. Rd1 f5
15. e5 Nd5 16. Nxd5 Qxd5 17. O-O Qb5 18. Bh6 Rd5 19. Bxg7 Kxg7 20. Qc3 h6 21.
Rd2 Rfd8 22. Rfd1 Qb4 23. Qe3 e6 24. h4 Qe7 25. Qf4 Rh8 26. Qg3 Kf7 27. Qf4 Ke8
28. Rc2 Nb4 29. Rc4 Rd7 30. Qd2 Nd5 31. b4 g5 32. hxg5 hxg5 33. Qxg5 Qh7 34.
Kf1 Rg7 35. Qc1 Rxg2 36. Ke2 Qg7 37. Rg1 Rh3 38. Rxg2 Qxg2 39. Ne1 Qe4+ 40. Kd2
Nf4 41. Qd1 Rd3+ 42. Nxd3 Qxd3+ 0-1

[Event "Schwarzach op-A 18th"]
[Site "Salzburg"]
[Date "2003.08.28"]
[Round "6.2"]
[White "Carlsen, Magnus"]
[Black "Shchekachev, Andrei"]
[Result "1/2-1/2"]
[WhiteElo "2385"]
[BlackElo "2550"]
[PlyCount "68"]
[EventDate "2003.08.23"]
[EventType "swiss"]
[EventRounds "9"]
[EventCountry "AUT"]

1. e4 g6 2. d4 Bg7 3. Nc3 d6 4. Nf3 Nf6 5. Be2 O-O 6. O-O Nc6 7. Be3 Ng4 8. Bg5
h6 9. Bc1 e6 10. h3 Nf6 11. Be3 b6 12. e5 dxe5 13. Nxe5 Ne7 14. Bf3 Nfd5 15.
Nxd5 exd5 16. Bf4 Be6 17. Re1 Rc8 18. c3 c5 19. Qd2 Kh7 20. Rad1 Re8 21. Be2 c4
22. b3 b5 23. Bf3 Nf5 24. bxc4 bxc4 25. Rb1 Nd6 26. Ng4 h5 27. Bg5 Qd7 28. Nf6+
Bxf6 29. Bxf6 Bf5 30. Rbc1 Be4 31. Be2 Re6 32. Be5 f6 33. Bh2 Rce8 34. Bf1 g5
1/2-1/2

[Event "Schwarzach op-A 18th"]
[Site "Salzburg"]
[Date "2003.08.27"]
[Round "5.4"]
[White "Krivoshey, Sergei"]
[Black "Carlsen, Magnus"]
[Result "0-1"]
[WhiteElo "2507"]
[BlackElo "2385"]
[PlyCount "80"]
[EventDate "2003.08.23"]
[EventType "swiss"]
[EventRounds "9"]
[EventCountry "AUT"]

1. d4 Nf6 2. Nf3 g6 3. Bf4 Bg7 4. e3 O-O 5. Be2 d6 6. h3 Nbd7 7. O-O e5 8. Bh2
Qe7 9. c4 b6 10. Nc3 Bb7 11. Qc2 exd4 12. Nxd4 Ne5 13. Rad1 c5 14. Nb3 Rad8 15.
e4 Qe6 16. Nd5 Nxd5 17. cxd5 Qe7 18. f4 Nd7 19. Bf3 Qh4 20. Nd2 Ba6 21. Nc4
Bxc4 22. Qxc4 Bxb2 23. Qa6 Qe7 24. Rfe1 Rfe8 25. a4 Rc8 26. Re2 Bg7 27. e5 dxe5
28. d6 Qd8 29. fxe5 Bxe5 30. Bxe5 Rxe5 31. Rde1 Rxe2 32. Rxe2 c4 33. Bd5 c3 34.
Qd3 Nf6 35. Bb3 Rc6 36. Re7 Rxd6 37. Qe3 Rd3 38. Qe2 Rd2 39. Qe3 c2 40. Bxf7+
Kf8 0-1

[Event "Schwarzach op-A 18th"]
[Site "Salzburg"]
[Date "2003.08.26"]
[Round "4.9"]
[White "Carlsen, Magnus"]
[Black "Laqua, Christian"]
[Result "1-0"]
[WhiteElo "2385"]
[BlackElo "2196"]
[PlyCount "99"]
[EventDate "2003.08.23"]
[EventType "swiss"]
[EventRounds "9"]
[EventCountry "AUT"]

1. d4 Nf6 2. Nf3 e6 3. g3 d5 4. Bg2 Be7 5. O-O O-O 6. c4 c6 7. b3 b6 8. Qc2 Bb7
9. Nc3 Nbd7 10. Bb2 Qc7 11. Rad1 Rac8 12. e4 Nxe4 13. Nxe4 dxe4 14. Qxe4 Rfd8
15. Rfe1 c5 16. d5 Bf6 17. Bc1 Qb8 18. Ng5 Bxg5 19. Bxg5 Re8 20. Bf4 Qa8 21.
dxe6 Bxe4 22. Bxe4 Rxe6 23. Bxa8 Rxe1+ 24. Rxe1 Rxa8 25. Re7 Nf8 26. Rb7 Ne6
27. Bb8 Nd8 28. Re7 Ne6 29. Bxa7 Kf8 30. Rb7 Nd8 31. Rb8 Rxa7 32. Rxd8+ Ke7 33.
Rd2 Ke6 34. Kg2 h5 35. h4 g6 36. Kf3 Ke5 37. a4 Rc7 38. Rd5+ Ke6 39. Kf4 Rc8
40. Kg5 Ra8 41. f4 f6+ 42. Kh6 Rc8 43. Kg7 Ra8 44. a5 Rxa5 45. Kxg6 Ra3 46. f5+
Ke7 47. Rd3 b5 48. cxb5 c4 49. Re3+ Kf8 50. b6 1-0

[Event "Schwarzach op-A 18th"]
[Site "Salzburg"]
[Date "2003.08.25"]
[Round "3.2"]
[White "Zelcic, Robert"]
[Black "Carlsen, Magnus"]
[Result "1-0"]
[WhiteElo "2543"]
[BlackElo "2385"]
[PlyCount "77"]
[EventDate "2003.08.23"]
[EventType "swiss"]
[EventRounds "9"]
[EventCountry "AUT"]

1. e4 c5 2. Nf3 Nc6 3. d4 cxd4 4. Nxd4 Nf6 5. Nc3 e5 6. Ndb5 d6 7. Nd5 Nxd5 8.
exd5 Nb8 9. c4 Be7 10. Bd3 O-O 11. O-O a6 12. Nc3 f5 13. f3 Nd7 14. Kh1 Bg5 15.
b4 Bxc1 16. Rxc1 e4 17. fxe4 f4 18. Ne2 g5 19. Nd4 Ne5 20. Nf5 Qf6 21. c5 Bxf5
22. exf5 Nxd3 23. Qxd3 Qxf5 24. Qd2 Rac8 25. c6 Rf7 26. a4 Re7 27. h3 Kf7 28.
b5 axb5 29. axb5 bxc6 30. dxc6 Qxb5 31. Qxd6 Qe5 32. Qb4 Qf6 33. Qa5 Kg7 34. c7
h6 35. Rc5 Re3 36. Qd2 Qe6 37. Rd1 Kf7 38. Kh2 Ke7 39. Qd8+ 1-0

[Event "Schwarzach op-A 18th"]
[Site "Salzburg"]
[Date "2003.08.24"]
[Round "2.9"]
[White "Carlsen, Magnus"]
[Black "Danner, Lambert"]
[Result "1-0"]
[WhiteElo "2385"]
[BlackElo "2178"]
[PlyCount "107"]
[EventDate "2003.08.23"]
[EventType "swiss"]
[EventRounds "9"]
[EventCountry "AUT"]

1. d4 f5 2. Nc3 Nf6 3. Bg5 d5 4. Bxf6 exf6 5. e3 Be6 6. Qf3 c6 7. Nge2 Bd6 8.
Nf4 Qe7 9. Bd3 g6 10. O-O-O Nd7 11. Nxe6 Qxe6 12. h3 O-O-O 13. g4 fxg4 14. hxg4
Rdf8 15. Rh6 Rfg8 16. Rdh1 Nf8 17. e4 dxe4 18. Nxe4 Be7 19. b3 Rg7 20. Bc4 Qd7
21. Rd1 f5 22. gxf5 Qxf5 23. Qe3 Ba3+ 24. Kb1 Re7 25. f3 Nd7 26. b4 Bxb4 27. a3
Nb6 28. axb4 Nxc4 29. Nd6+ Kd7 30. Qxe7+ Kxe7 31. Nxf5+ gxf5 32. Kc1 Nd6 33.
Rdh1 Nf7 34. Rxh7 Rg8 35. Kd2 Rg2+ 36. Kd3 Kf6 37. R7h2 Rg3 38. Ke3 Ke6 39. Kf4
Rg8 40. Re2+ Kd5 41. Re7 Nd6 42. Re5+ Kc4 43. Rc5+ Kxb4 44. Rb1+ Ka4 45. Ra1+
Kb4 46. Rxa7 Rh8 47. Ke5 Rh6 48. Ra1 Nc4+ 49. Kxf5 b6 50. Rb1+ Kc3 51. Rxb6
Kxd4 52. Rcxc6 Rh3 53. Kg4 Rh2 54. Rb4 1-0

[Event "Schwarzach op-A 18th"]
[Site "Salzburg"]
[Date "2003.08.23"]
[Round "1.11"]
[White "Adinolfi, Vincenzo"]
[Black "Carlsen, Magnus"]
[Result "0-1"]
[WhiteElo "2110"]
[BlackElo "2385"]
[PlyCount "152"]
[EventDate "2003.08.23"]
[EventType "swiss"]
[EventRounds "9"]
[EventCountry "AUT"]

1. d4 Nf6 2. c4 g6 3. Nc3 d5 4. Nf3 Bg7 5. e3 O-O 6. Be2 dxc4 7. Bxc4 c5 8. O-O
cxd4 9. Nxd4 Bd7 10. Qe2 Nc6 11. Rd1 Nxd4 12. exd4 a6 13. Bf4 b5 14. Bb3 b4 15.
Nd5 Nxd5 16. Bxd5 Bb5 17. Qe4 Ra7 18. Be5 Rd7 19. Bxg7 Kxg7 20. Bb3 Qb6 21. Rd2
Qf6 22. Re1 Rfd8 23. d5 a5 24. Red1 Rc8 25. Rc2 Rdc7 26. Rcd2 a4 27. Qxb4 axb3
28. Qxb5 bxa2 29. Qa4 Rc1 30. Qxa2 R8c2 31. Qa7 Rxd2 32. Rxc1 Qxb2 33. Re1 Qe5
34. Qa1 Qxa1 35. Rxa1 Rxd5 36. h4 Kf6 37. g3 Rd7 38. Kg2 h5 39. Kf3 Kf5 40.
Ra5+ e5 41. Ke3 Rb7 42. Ra3 Rb6 43. Kf3 f6 44. Ra4 Rd6 45. Rb4 Rd3+ 46. Kg2 Rd2
47. Rb5 Ke6 48. Rb6+ Rd6 49. Rb5 Rd5 50. Rb6+ Kf5 51. Ra6 e4 52. Ra3 Ke5 53.
Kf1 Rd3 54. Ra5+ Ke6 55. Ke2 Rd5 56. Ra8 Kf5 57. Ra6 Rd3 58. Ra5+ Kg4 59. Ra6
Rf3 60. Re6 Kh3 61. Rxe4 Kg2 62. g4 Rxf2+ 63. Ke1 Kg3 64. gxh5 gxh5 65. Re3+
Rf3 66. Re8 Kxh4 67. Rg8 Rf5 68. Rg6 Kh3 69. Ke2 h4 70. Ke1 Kh2 71. Ke2 h3 72.
Ke1 Kh1 73. Ke2 h2 74. Ke1 Rg5 75. Rxf6 Kg2 76. Rf2+ Kh3 0-1

[Event "Politiken Cup 25th"]
[Site "Copenhagen"]
[Date "2003.07.25"]
[Round "11"]
[White "Carlsen, Magnus"]
[Black "Koneru, Humpy"]
[Result "1-0"]
[WhiteElo "2385"]
[BlackElo "2468"]
[PlyCount "77"]
[EventDate "2003.07.14"]
[EventType "swiss"]
[EventRounds "11"]
[EventCountry "DEN"]

1. d4 Nf6 2. Nf3 e6 3. c4 b6 4. g3 Ba6 5. b3 d5 6. Bg2 Bd6 7. O-O O-O 8. Nbd2
Qe7 9. Qc2 Bb7 10. Bb2 Na6 11. Nh4 Ba3 12. cxd5 Bxb2 13. Qxb2 exd5 14. e3 Ne4
15. Nhf3 c5 16. Ne5 Rac8 17. Rac1 Rfe8 18. Nd3 Nc7 19. Nf4 Qf6 20. Nh5 Qh6 21.
Nf4 g5 22. Ne2 Ne6 23. Nxe4 dxe4 24. Rfd1 Qf6 25. Nc3 Nf8 26. d5 Ba6 27. Qc2
Rcd8 28. Nxe4 Qg6 29. b4 f5 30. Nd2 Nd7 31. Qa4 b5 32. Qa5 c4 33. d6 Nb8 34. a4
Qxd6 35. axb5 Re5 36. Qa1 Rxb5 37. Ne4 Qe7 38. Nf6+ Kf7 39. Nd5 1-0

[Event "Politiken Cup 25th"]
[Site "Copenhagen"]
[Date "2003.07.23"]
[Round "9"]
[White "Carlsen, Magnus"]
[Black "Harestad, Hans Krogh"]
[Result "1-0"]
[WhiteElo "2385"]
[BlackElo "2249"]
[PlyCount "75"]
[EventDate "2003.07.14"]
[EventType "swiss"]
[EventRounds "11"]
[EventCountry "DEN"]

1. e4 e5 2. Nf3 Nc6 3. Bb5 a6 4. Ba4 Nf6 5. O-O b5 6. Bb3 Be7 7. Re1 d6 8. c3
O-O 9. h3 Na5 10. Bc2 c5 11. d4 Qc7 12. Nbd2 Nc6 13. d5 Nd8 14. a4 Ra7 15. Nf1
g6 16. Bh6 Re8 17. Ng3 Nd7 18. Nh2 f6 19. Be3 Nb6 20. axb5 axb5 21. Bd3 Bd7 22.
Qd2 Nf7 23. Rxa7 Qxa7 24. Qe2 Qa6 25. Ng4 Kg7 26. Bc1 Na4 27. Bc2 Ra8 28. Qe3
c4 29. Rf1 Nc5 30. Nh6 Ng5 31. f4 exf4 32. Qxf4 Bxh3 33. Qh4 Bd7 34. e5 dxe5
35. Nh5+ gxh5 36. Qxg5+ fxg5 37. Rf7+ Kxh6 38. Rxh7# 1-0

[Event "Politiken Cup 25th"]
[Site "Copenhagen"]
[Date "2003.07.22"]
[Round "8"]
[White "Byklum, Bjornar"]
[Black "Carlsen, Magnus"]
[Result "1/2-1/2"]
[WhiteElo "2214"]
[BlackElo "2385"]
[PlyCount "80"]
[EventDate "2003.07.14"]
[EventType "swiss"]
[EventRounds "11"]
[EventCountry "DEN"]

1. e4 c5 2. g3 d5 3. exd5 Qxd5 4. Nf3 Bg4 5. Bg2 Qe6+ 6. Kf1 Nc6 7. h3 Bh5 8.
Nc3 Nf6 9. d3 Qd7 10. g4 Bg6 11. Bf4 e6 12. Ne5 Nxe5 13. Bxe5 Bd6 14. Bxd6 Qxd6
15. b3 O-O-O 16. a4 Nd5 17. Nxd5 exd5 18. a5 a6 19. Rb1 Rhe8 20. Qd2 Re7 21.
Bf3 f5 22. g5 f4 23. b4 c4 24. b5 cxd3 25. cxd3 axb5 26. Rxb5 Qe5 27. d4 Qd6
28. Rxd5 Qa6+ 29. Kg2 Rxd5 30. Bxd5 Qd6 31. Bf3 Kb8 32. Rc1 Be4 33. Bxe4 Rxe4
34. Qc3 Re8 35. Qc5 Qd7 36. Rc3 Ka8 37. Rf3 Re4 38. Qf8+ Ka7 39. Qc5+ Ka8 40.
Qf8+ Ka7 1/2-1/2

[Event "Politiken Cup 25th"]
[Site "Copenhagen"]
[Date "2003.07.16"]
[Round "3"]
[White "Carlsen, Magnus"]
[Black "Skjoldan, Benjamin"]
[Result "1-0"]
[WhiteElo "2385"]
[BlackElo "2092"]
[PlyCount "59"]
[EventDate "2003.07.14"]
[EventType "swiss"]
[EventRounds "11"]
[EventCountry "DEN"]

1. e4 c5 2. Nf3 Nc6 3. d4 cxd4 4. Nxd4 Nf6 5. Nc3 e5 6. Ndb5 d6 7. Bg5 a6 8.
Na3 b5 9. Bxf6 gxf6 10. Nd5 Bg7 11. Bd3 Ne7 12. Nxe7 Qxe7 13. O-O f5 14. c4 O-O
15. Qf3 Re8 16. Rfe1 f4 17. cxb5 Qg5 18. Bc4 Bg4 19. Qb3 Bh5 20. f3 Rab8 21.
Kh1 Bf8 22. b6 Qd8 23. b7 Re7 24. Bxa6 Qa5 25. Qb5 Qd2 26. Rac1 Re6 27. Qe2 Qd4
28. Rc8 Re8 29. Qb5 Qf2 30. Rf1 1-0

[Event "NOR-ch"]
[Site "Fredrikstad"]
[Date "2003.07.11"]
[Round "8"]
[White "Carlsen, Magnus"]
[Black "Trygstad, Kristian"]
[Result "1-0"]
[WhiteElo "2385"]
[BlackElo "2330"]
[PlyCount "97"]
[EventDate "2003.07.04"]
[EventType "tourn"]
[EventRounds "9"]
[EventCountry "NOR"]

1. e4 c5 2. Nf3 e6 3. d4 cxd4 4. Nxd4 a6 5. c4 Nf6 6. Nc3 Qc7 7. a3 Nxe4 8.
Nxe4 Qe5 9. Bd3 Qxd4 10. O-O f5 11. Be3 Qe5 12. f4 Qc7 13. Ng5 Bc5 14. Qh5+ g6
15. Qe2 Qb6 16. Bxc5 Qxc5+ 17. Kh1 Nc6 18. b4 Qf8 19. Qb2 h6 20. Nf3 Rg8 21. b5
Nd8 22. Qd4 Nf7 23. c5 Qg7 24. Qe3 Qf6 25. bxa6 bxa6 26. Rab1 Kf8 27. Ne5 Kg7
28. g4 Ra7 29. gxf5 exf5 30. Rb6 d6 31. cxd6 Rb7 32. Rfb1 Nxd6 33. Qc5 Rd8 34.
Rxb7+ Bxb7+ 35. Rxb7+ Nxb7 36. Qc7+ Kf8 37. Qxb7 g5 38. Nd7+ Rxd7 39. Qxd7 Qa1+
40. Kg2 Qb2+ 41. Kf3 gxf4 42. Qxf5+ Ke7 43. Qc5+ Ke6 44. Qc6+ Ke7 45. Qc7+ Ke6
46. Bc4+ Kf6 47. Qd6+ Kg5 48. h4+ Kxh4 49. Qxh6# 1-0

[Event "NOR-ch"]
[Site "Fredrikstad"]
[Date "2003.07.09"]
[Round "6"]
[White "Lie, Espen"]
[Black "Carlsen, Magnus"]
[Result "0-1"]
[WhiteElo "2260"]
[BlackElo "2385"]
[PlyCount "110"]
[EventDate "2003.07.04"]
[EventType "tourn"]
[EventRounds "9"]
[EventCountry "NOR"]

1. c4 g6 2. g3 Bg7 3. Bg2 c5 4. Nc3 Nc6 5. a3 e6 6. b4 d6 7. Rb1 Nge7 8. e3 O-O
9. Nge2 Rb8 10. Qa4 b6 11. O-O Bb7 12. f4 Qd7 13. Bb2 Rfd8 14. Ne4 Nd4 15. Qd1
Nxe2+ 16. Qxe2 Bxe4 17. Bxe4 Bxb2 18. Rxb2 b5 19. cxb5 d5 20. Bc2 Qxb5 21. Qxb5
Rxb5 22. Bd3 Rb6 23. Rc1 c4 24. Be2 Ra6 25. Rc3 Nf5 26. d3 Nxe3 27. dxc4 Nxc4
28. Bxc4 dxc4 29. b5 Ra5 30. Rb4 Rd3 31. Rbxc4 Rd1+ 32. Kg2 Rxb5 33. Rc7 Rd2+
34. Kf3 a5 35. Ra7 h5 36. a4 Rbd5 37. Rc8+ Kg7 38. Rcc7 Rf5 39. h3 Rd3+ 40. Kg2
h4 41. gxh4 Rd4 42. Kg3 Rxa4 43. Rc3 Rfxf4 44. Rxa5 Rxh4 45. Rac5 Rh5 46. Rxh5
gxh5 47. Rb3 Kg6 48. Rc3 h4+ 49. Kf3 Kf5 50. Rb3 e5 51. Ke3 Ra2 52. Kd3 Rg2 53.
Rb1 Rg3+ 54. Kc4 Rxh3 55. Kd5 Rd3+ 0-1

[Event "NOR-ch"]
[Site "Fredrikstad"]
[Date "2003.07.07"]
[Round "4"]
[White "Ekeberg, Carl Fredrik"]
[Black "Carlsen, Magnus"]
[Result "1/2-1/2"]
[WhiteElo "2226"]
[BlackElo "2385"]
[PlyCount "73"]
[EventDate "2003.07.04"]
[EventType "tourn"]
[EventRounds "9"]
[EventCountry "NOR"]

1. Nf3 Nf6 2. c4 g6 3. Nc3 d5 4. cxd5 Nxd5 5. e4 Nxc3 6. dxc3 Qxd1+ 7. Kxd1 f6
8. Be3 e5 9. Nd2 Nd7 10. a4 Bc5 11. Nc4 Bxe3 12. Nxe3 c6 13. Bc4 Nc5 14. f3 a5
15. Kc2 Ke7 16. Rhd1 f5 17. exf5 gxf5 18. g3 f4 19. gxf4 exf4 20. Ng2 Bf5+ 21.
Kc1 Rhd8 22. Nxf4 Rxd1+ 23. Kxd1 Rd8+ 24. Ke2 Bc2 25. Rg1 Kd6 26. Bd3 Nxd3 27.
Nxd3 Bxa4 28. Rg7 Bb5 29. Ke3 Re8+ 30. Kd4 b6 31. c4 c5+ 32. Kc3 Bc6 33. Rxh7
Bxf3 34. Rh6+ Kc7 35. Rh7+ Kd6 36. Rh6+ Kc7 37. Rh7+ 1/2-1/2

[Event "NOR-ch"]
[Site "Fredrikstad"]
[Date "2003.07.06"]
[Round "3"]
[White "Carlsen, Magnus"]
[Black "Fyllingen, Roy Harald"]
[Result "1/2-1/2"]
[WhiteElo "2385"]
[BlackElo "2366"]
[PlyCount "60"]
[EventDate "2003.07.04"]
[EventType "tourn"]
[EventRounds "9"]
[EventCountry "NOR"]

1. Nf3 Nf6 2. c4 b6 3. d4 e6 4. g3 Bb4+ 5. Bd2 a5 6. Bg2 Ba6 7. Qc2 c5 8. Nc3
Nc6 9. dxc5 Bxc5 10. b3 O-O 11. Bg5 h6 12. Bxf6 Qxf6 13. O-O Bb4 14. Ne4 Qe7
15. Rfd1 Rac8 16. e3 d5 17. cxd5 exd5 18. Rxd5 Nd4 19. Nxd4 Rxc2 20. Nxc2 Rc8
21. Nxb4 Qxb4 22. Nd6 Rc2 23. Be4 Rd2 24. Rxd2 Qxd2 25. Nc4 Bxc4 26. bxc4 g6
27. a4 Qc3 28. Rd1 Qxc4 29. Rd4 Qc1+ 30. Kg2 Qc5 1/2-1/2